000 00711cam a2200253 4500
001 ABS68715
008 050303n2005 000 0 eng u
035 _a(Sirsi) u128929
245 _aFocus 4: Norfolk and Suffolk
260 _c2005
490 _aEstates Gazette
_v(0508) 26 February 2005, 139-155(8)
590 _aABS
650 _aNORFOLK
650 _aSUFFOLK
650 _aNORWICH
650 _aIPSWICH
650 _aKINGS LYNN
650 _aGREAT YARMOUTH
650 _aBURY ST EDMUNDS
650 _aPROPERTY-COMMERCIAL PROPERTY-OFFICE PROPERTY-OFFICE PROPERTY MARKET
650 _aRETAIL DEVELOPMENT
690 _aPROPERTY-COMMERCIAL PROPERTY-COMMERCIAL PROPERTY MARKET
942 _n0
999 _c74867
_d74867